Game Show by Scene Quiz Stats

 Plays Quiz Updated Aug 3, 2018

Also try: Game Show Hosts
Challenge
Share
Tweet
Score 0/15 Timer 03:00
0 Plays Today
# Game Show % Correct
4Wheel of Fortune
94.7%
2Who Wants to Be a Millionaire?
92.9%
1Jeopardy!
92.4%
5The Price Is Right
91.1%
6Family Feud
89.6%
3Deal or No Deal
83.1%
8Cash Cab
75.2%
7Hollywood Squares
71.8%
# Game Show % Correct
9Are You Smarter Than a 5th Grader?
67.8%
11The Weakest Link
66.2%
14Pyramid
59.6%
101 vs 100
52.2%
13Win Ben Stein's Money
37.4%
15Trivial Pursuit
36%
12Million Dollar Password
14.8%

You're not logged in!

Compare scores with friends on all Sporcle quizzes.
Join for Free
OR
Log In

You Might Also Like...

Show Comments

Extras

Top Quizzes Today


Score Distribution

Your Account Isn't Verified!

In order to create a playlist on Sporcle, you need to verify the email address you used during registration. Go to your Sporcle Settings to finish the process.

Report this User

Report this user for behavior that violates our Community Guidelines.

Details: